Computer program for design of cantilever retaining wall (Record no. 551223)
[ view plain ]
| 000 -LEADER | |
|---|---|
| fixed length control field | 00403nam a22001457a 4500 |
| 082 ## - DEWEY DECIMAL CLASSIFICATION NUMBER | |
| Classification number | P-191 |
| Author Mark | P-191 |
| 100 ## - MAIN ENTRY--PERSONAL NAME | |
| Personal name | Afzaal Malik, Syndicate No 2 |
| 9 (RLIN) | 48217 |
| 245 ## - TITLE STATEMENT | |
| Title | Computer program for design of cantilever retaining wall |
| Statement of responsibility, etc. | Afzaal Malik, Azhar Ali |
| 260 ## - PUBLICATION, DISTRIBUTION, ETC. | |
| Date of publication, distribution, etc. | 2008 |
| 300 ## - PHYSICAL DESCRIPTION | |
| Extent | 145 P, : |
| 526 ## - STUDY PROGRAM INFORMATION NOTE | |
| Program name | 0 |
| Interest level | 0 |
| Reading level | 0 |
| Title point value | P_191_P191 |
| 650 ## - SUBJECT ADDED ENTRY--TOPICAL TERM | |
| Topical term or geographic name entry element | Project |
| 700 ## - ADDED ENTRY--PERSONAL NAME | |
| Personal name | Tahir Kibriya |
| 9 (RLIN) | 47918 |
| 942 ## - ADDED ENTRY ELEMENTS (KOHA) | |
| Source of classification or shelving scheme | |
| Koha item type | Book |
| Withdrawn status | Lost status | Source of classification or shelving scheme | Damaged status | Not for loan | Permanent Location | Current Location | Date acquired | Total Checkouts | Full call number | Barcode | Date last seen | Date last checked out | Price effective from | Koha item type | Public note |
|---|---|---|---|---|---|---|---|---|---|---|---|---|---|---|---|
| Military College of Engineering (MCE) | Military College of Engineering (MCE) | 12/04/2014 | 1 | P-191 P-191 | MCE-P-191 | 03/26/2015 | 03/26/2015 | 12/04/2014 | Book | Project |
